000
00346nam a2200133Ia 4500
008
151001s9999||||xx |||||||||||||| ||und||
100
_a
निरजक उजगरे
245
_a
दिपवा
250
_a
1
260
_b
भावना प्रकाशन धुळे
260
_c
1995
300
_a
62
365
_b
18
999
_c
972011
_d
972008